| 000 | 00673cam a22002414a 4500 | ||
|---|---|---|---|
| 001 | 37850 | ||
| 003 | (BD-RjUL) | ||
| 005 | 20211209052653.0 | ||
| 008 | 060117s2008 maua b 001 0beng | ||
| 020 | _a0074632000 | ||
| 035 | _a(BD-RjUL) | ||
| 040 |
_aDLC _c(BD-RjUL) |
||
| 082 | 0 | 0 |
_a621.381 _222 |
| 100 | 1 |
_aJain, R. P. _9117265 |
|
| 245 | 1 | 0 |
_aModern digital electronics / _cR.P. Jain. |
| 250 | _a2nd ed. | ||
| 260 |
_aIndia : _b TataMcGraw-Hill pub. com. , _cc1997 |
||
| 300 |
_axv, 500 p. : _bill. ; _c23 cm. |
||
| 504 | _aIncludes bibliographical references and index. | ||
| 650 | 0 |
_aDigital electronics. _9117197 |
|
| 942 |
_2ddc _cBK |
||
| 999 |
_c37850 _d37850 |
||